000 00527nam a22001937a 4500
003 KOHA_MİRAKIL
005 20251022144852.0
008 251022b tu ||||| |||| 00| 0 tur d
020 _a9789750521041
040 _aTR-AnABB
_btur
_cTR-AnABB
041 _atur
082 _a351.834
_bSAY 2017
100 1 _aSaymaz, İsmail,
245 1 0 _aFıtrat /
_cİsmail Saymaz
260 _aİstanbul :
_bİletişim Yayınları,
_c2017
300 _a353 sayfa ;
_c22 cm
650 0 4 _aTürk edebiyatı, roman
942 _2ddc
_cBK
999 _c9189
_d9189
900 _bGizem YORULMAZ